| 000 | 00370nam a2200121Ia 4500 | ||
|---|---|---|---|
| 008 | 160609s9999 xx 000 0 und d | ||
| 100 | _aBenton, Brian C. | ||
| 245 | _aMastering Autocad 2016 And Autocad Lt 2016 | ||
| 245 | _cBy:Brian C. Benton, George Omura | ||
| 260 | _c2016 | ||
| 650 | _x3D MODELING | ||
| 856 | _uhttp://file.ebook777.com/011/MasAut201AndAutLt201.zip | ||
| 999 |
_c295712 _d295712 |
||